[Event "2nd Easter 4NCL Congress"]
[Site "Daventry"]
[Date "2022.04.15"]
[Round "1"]
[Board "11"]
[White "Jackson, Gary C"]
[Black "Curran, David P"]
[Result "0-1"]
[WhiteElo "1949"]
[BlackElo "1734"]
[PlyCount "104"]
[EventDate "2022.04.15"]
[EventRounds "7"]
[EventCountry "ENG"]

1. e4 c6 2. d4 d5 3. e5 Bf5 4. Nf3 e6 5. Nbd2 Nd7 6. c3 c5 7. Be2 Ne7 8. O-O
Nc6 9. Nb3 Be7 10. h3 c4 11. Nbd2 Bg6 12. Nh2 O-O 13. Ng4 b5 14. Ne3 b4 15. Qa4
Qc7 16. f4 f6 17. exf6 Rxf6 18. Ng4 Rff8 19. Nf3 a5 20. Nge5 Ncxe5 21. fxe5
Rab8 22. Bd2 bxc3 23. Bxc3 Bb4 24. Ng5 Rb6 25. Bg4 Bf5 26. Bxf5 Rxf5 27. Rxf5
exf5 28. Rf1 g6 29. Re1 Qd8 30. e6 Nf6 31. e7 Qe8 32. Qxe8+ Nxe8 33. Re5 Rd6
34. Kf2 Rd7 35. Bxb4 axb4 36. Re6 Rd6 37. Re5 h6 38. Ne6 Ra6 39. Nf4 Rxa2 40.
Nxd5 c3 41. Re1 Rxb2+ 42. Kf3 Kf7 43. g4 c2 44. Rc1 Ke6 45. Nf4+ Kxe7 46. Nxg6+
Kf6 47. gxf5 Kxf5 48. Nh4+ Ke6 49. Ke2 b3 50. Nf3 Rb1 51. Kd2 Nd6 52. Re1+ Kf6
 0-1

[Event "2nd Easter 4NCL Congress"]
[Site "Daventry"]
[Date "2022.04.15"]
[Round "1"]
[Board "12"]
[White "Fisher, Neal"]
[Black "Manawadu, Dilhan"]
[Result "0-1"]
[WhiteElo "1732"]
[BlackElo "1941"]
[PlyCount "76"]
[EventDate "2022.04.15"]
[EventRounds "7"]
[EventCountry "ENG"]

1. d4 Nf6 2. Nf3 g6 3. Bf4 Bg7 4. c3 d6 5. e3 O-O 6. Nbd2 Nbd7 7. Be2 Re8 8.
Bg3 c6 9. O-O b5 10. Re1 Qb6 11. Qb3 a5 12. Ng5 Rf8 13. Bf3 a4 14. Qd1 Bb7 15.
h4 c5 16. Bxb7 Qxb7 17. Qf3 Qxf3 18. Ngxf3 Rfb8 19. Rab1 b4 20. cxb4 Rxb4 21.
a3 Rb7 22. Rec1 Ra5 23. Rc2 h6 24. Ne1 Nh5 25. dxc5 Nxc5 26. Nc4 Ra6 27. Kh2
Nxg3 28. Kxg3 Ra8 29. Kf3 Rab8 30. e4 Rb3+ 31. Ne3 Rxa3 32. bxa3 Rxb1 33. Ke2
Rb3 34. Nc4 Nxe4 35. f3 Nc3+ 36. Kf1 Nb1 37. Nd2 Nxd2+ 38. Rxd2 Rxa3  0-1

[Event "2nd Easter 4NCL Congress"]
[Site "Daventry"]
[Date "2022.04.15"]
[Round "1"]
[Board "13"]
[White "Mcdonnell, James J"]
[Black "Murphy, Ross"]
[Result "1-0"]
[WhiteElo "1929"]
[BlackElo "1730"]
[PlyCount "51"]
[EventDate "2022.04.15"]
[EventRounds "7"]
[EventCountry "ENG"]

1. e4 d6 2. d4 Nf6 3. Bd3 c6 4. h3 e5 5. c3 Be7 6. Nf3 Qc7 7. O-O h6 8. Re1 Be6
9. Nbd2 O-O 10. Nf1 Nbd7 11. Ng3 Rfe8 12. Bc2 Bf8 13. Bb3 Bxb3 14. Qxb3 Rad8
15. Bd2 d5 16. exd5 e4 17. dxc6 Qxc6 18. Nh2 Nb6 19. Rad1 Nc4 20. Bc1 Bd6 21.
Nf5 Bb8 22. Nf1 Rd5 23. N5e3 Nxe3 24. Bxe3 Rh5 25. Ng3 Bxg3 26. fxg3 {
recording illegible past this point}  1-0

[Event "2nd Easter 4NCL Congress"]
[Site "Daventry"]
[Date "2022.04.15"]
[Round "1"]
[Board "14"]
[White "Dean, Robert A"]
[Black "Lawrence, Spencer"]
[Result "1/2-1/2"]
[WhiteElo "1909"]
[BlackElo "1720"]
[PlyCount "87"]
[EventDate "2022.04.15"]
[EventRounds "7"]
[EventCountry "ENG"]

1. e4 e6 2. d4 d5 3. Nd2 dxe4 4. Nxe4 Bd7 5. Nf3 Bc6 6. Bd3 Nd7 7. O-O Ngf6 8.
Ng3 Be7 9. Re1 O-O 10. c3 Re8 11. Ng5 Nf8 12. Bc4 h6 13. Nf3 Ng6 14. Qe2 Bf8
15. Ne5 Nxe5 16. dxe5 Nh7 17. Qg4 g6 18. Bf4 Bg7 19. Rad1 Qe7 20. Bd3 Nf8 21.
Qh3 h5 22. Ne4 Bxe4 23. Bxe4 c6 24. g4 g5 25. Bc1 h4 26. f4 gxf4 27. Bxf4 Ng6
28. Bxg6 fxg6 29. g5 Rad8 30. Qxh4 Rxd1 31. Rxd1 Rd8 32. Qg4 Qc5+ 33. Kg2 Rxd1
34. Qxd1 Bxe5 35. Qd8+ Kh7 36. Qd7+ Bg7 37. Qxe6 Qb5 38. Bc1 a5 39. Qe3 Qd5+
40. Qf3 Qxa2 41. Qh3+ Kg8 42. Qc8+ Kh7 43. Qh3+ Kg8 44. Qc8+  1/2-1/2

[Event "2nd Easter 4NCL Congress"]
[Site "Daventry"]
[Date "2022.04.15"]
[Round "1"]
[Board "15"]
[White "Wheeler, Tim"]
[Black "Whitmore, Darren H"]
[Result "1-0"]
[WhiteElo "1703"]
[BlackElo "1874"]
[PlyCount "57"]
[EventDate "2022.04.15"]
[EventRounds "7"]
[EventCountry "ENG"]

1. e4 c5 2. Nf3 Nc6 3. Bb5 Nf6 4. Nc3 Nd4 5. e5 Nxb5 6. Nxb5 Nd5 7. O-O a6 8.
Nc3 e6 9. Nxd5 exd5 10. d4 c4 11. Re1 Be7 12. Bf4 O-O 13. Qd2 d6 14. h3 Bf5 15.
a4 dxe5 16. dxe5 c3 17. bxc3 Qa5 18. Nd4 Bd7 19. Rab1 b6 20. Re3 Rac8 21. Rg3
Rfe8 22. Bh6 g6 23. Rf3 Bf8 24. Bxf8 Rxf8 25. Rb4 Qc5 26. Qh6 a5 27. Nf5 Bxf5
28. Rh4 Rfe8 29. Rxf5 {illegible scoresheet past this point}  1-0

[Event "2nd Easter 4NCL Congress"]
[Site "Daventry"]
[Date "2022.04.15"]
[Round "1"]
[Board "16"]
[White "Gostelow, Luke"]
[Black "Sloan, Cecil"]
[Result "1-0"]
[WhiteElo "1867"]
[BlackElo "1699"]
[PlyCount "81"]
[EventDate "2022.04.15"]
[EventRounds "7"]
[EventCountry "ENG"]

1. c4 e5 2. Nf3 d6 3. g3 f5 4. d4 e4 5. Nh4 Be7 6. Ng2 Nf6 7. Nc3 O-O 8. Nf4
Nc6 9. h4 Qe8 10. e3 Nd8 11. Qb3 c6 12. Be2 Qf7 13. d5 a6 14. Kf1 Nd7 15. Kg2
Ne5 16. a3 Ng6 17. Nh3 Ne5 18. Qc2 Qg6 19. Nf4 Qf6 20. b4 Ndf7 21. Nh5 Qh6 22.
Nf4 Ng6 23. Nh5 Nge5 24. Na4 Nf3 25. Nf4 N7e5 26. Nb6 Rb8 27. Bb2 Bd8 28. Nxc8
Rxc8 29. Qd1 Re8 30. Rc1 Be7 31. c5 dxc5 32. bxc5 Kh8 33. d6 Bf6 34. Bxe5 Rxe5
35. Qb3 Rb8 36. Bxf3 exf3+ 37. Kxf3 g5 38. hxg5 Qxg5 39. Qf7 Qg7 40. Ng6+ Qxg6
41. Qxg6  1-0

[Event "2nd Easter 4NCL Congress"]
[Site "Daventry"]
[Date "2022.04.15"]
[Round "1"]
[Board "17"]
[White "Moss, Jack O"]
[Black "Gaffney, Samuel"]
[Result "1-0"]
[WhiteElo "1659"]
[BlackElo "1866"]
[PlyCount "63"]
[EventDate "2022.04.15"]
[EventRounds "7"]
[EventCountry "ENG"]

1. e4 d5 2. exd5 Qxd5 3. Nc3 Qa5 4. d4 Nf6 5. Nf3 Bf5 6. Ne5 c6 7. Bc4 e6 8. g4
Be4 9. O-O Bd5 10. f4 Nbd7 11. Nxd5 cxd5 12. Bd3 Be7 13. Qf3 O-O 14. f5 Nxe5
15. dxe5 Qb6+ 16. Be3 Bc5 17. exf6 Bxe3+ 18. Kg2 e5 19. fxg7 Rfd8 20. Qe2 f6
21. Bb5 Rac8 22. Ba4 Kxg7 23. Bb3 Qc5 24. Rf3 d4 25. h4 h6 26. Kh3 Rd6 27. Rd1
b5 28. Rg3 a5 29. g5 fxg5 30. Qh5 Rf6 31. hxg5 hxg5 32. Rxg5+  1-0

[Event "2nd Easter 4NCL Congress"]
[Site "Daventry"]
[Date "2022.04.15"]
[Round "1"]
[Board "18"]
[White "Ginestie, Martin"]
[Black "Pitt, Chris W"]
[Result "1/2-1/2"]
[WhiteElo "1865"]
[BlackElo "1642"]
[PlyCount "40"]
[EventDate "2022.04.15"]
[EventRounds "7"]
[EventCountry "ENG"]

1. d4 d5 2. c4 e6 3. g3 c5 4. Nf3 Nf6 5. Bg2 Nc6 6. Qa4 Bd7 7. Qd1 dxc4 8. O-O
Bd6 9. Nbd2 b5 10. a4 a6 11. Ne5 Bxe5 12. dxe5 Nd5 13. Ne4 Nxe5 14. Nxc5 O-O
15. Nxd7 Nxd7 16. Bxd5 exd5 17. Qxd5 Nf6 18. Qc6 Qa5 19. Rd1 Rfc8 20. Qb7 Rcb8
 1/2-1/2

[Event "2nd Easter 4NCL Congress"]
[Site "Daventry"]
[Date "2022.04.15"]
[Round "1"]
[Board "19"]
[White "Boutsias, Jason"]
[Black "Stephens, Graeme"]
[Result "1-0"]
[WhiteElo "1638"]
[BlackElo "1856"]
[PlyCount "99"]
[EventDate "2022.04.15"]
[EventRounds "7"]
[EventCountry "ENG"]

{[%evp 0,38,19,31,34,19,13,4,13,-2,-9,5,14,7,10,10,9,-22,39,18,17,19,25,6,17,
18,11,28,41,45,45,6,74,45,96,35,45,50,52,-4,52]} 1. e4 e5 2. Nf3 Nc6 3. Bb5 a6
4. Ba4 Nf6 5. O-O Be7 6. Re1 b5 7. Bb3 O-O 8. c3 d5 9. exd5 Nxd5 10. Nxe5 Nxe5
11. Rxe5 c6 12. d4 Bd6 13. Re1 Qh4 14. g3 Qh3 15. Qf3 Ra7 16. Bxd5 cxd5 17. Be3
Re7 18. Nd2 Rfe8 19. Nf1 Bf5 20. Qg2 Qg4 21. f3 Qg6 22. Bd2 Bd3 23. Rxe7 Rxe7
24. Re1 Rxe1 25. Bxe1 Qe6 26. Qd2 Bb1 27. a3 f5 28. Qe3 Qg6 29. Kf2 f4 30. gxf4
Qf6 31. Qe8+ Bf8 32. Qh5 Ba2 33. Bd2 h6 34. Ng3 Bc4 35. Qe5 Qg6 36. f5 Qf7 37.
Qe6 a5 38. Bf4 Be7 39. Be5 Qxe6 40. fxe6 Bh4 41. Ke3 Bxg3 42. hxg3 g6 43. f4 h5
44. f5 gxf5 45. Kf4 Bd3 46. Kg5 Kf8 47. Bd6+ Ke8 48. Kxh5 Be2+ 49. Kg6 Bg4 50.
Kf6  1-0

[Event "2nd Easter 4NCL Congress"]
[Site "Daventry"]
[Date "2022.04.15"]
[Round "1"]
[Board "20"]
[White "Tomlinson, Zak"]
[Black "Fellowes, Billy"]
[Result "0-1"]
[WhiteElo "1855"]
[BlackElo "1612"]
[PlyCount "66"]
[EventDate "2022.04.15"]
[EventRounds "7"]
[EventCountry "ENG"]

1. e4 Nc6 2. d4 d5 3. e5 Bf5 4. Bb5 e6 5. Ne2 Nge7 6. Nd2 a6 7. Bxc6+ Nxc6 8.
a3 Na7 9. Ng3 Bg6 10. Nf3 c5 11. c3 cxd4 12. cxd4 Be7 13. O-O O-O 14. Be3 Qb6
15. Qd2 Rac8 16. Rac1 Nc6 17. Rc3 Na5 18. b4 Nc4 19. Qc2 a5 20. bxa5 Qxa5 21.
Nd2 Nb6 22. Rxc8 Rxc8 23. Qb2 Bxa3 24. Ra1 Bxb2 25. Rxa5 Nc4 26. Nxc4 dxc4 27.
Rb5 c3 28. h4 Ba3 29. Rb3 Bf8 30. Rxb7 h6 31. h5 Bd3 32. Ra7 c2 33. Ra1 Rb8  0-1

[Event "2nd Easter 4NCL Congress"]
[Site "Daventry"]
[Date "2022.04.15"]
[Round "1"]
[Board "21"]
[White "Pyun, Lindsay"]
[Black "Hinchcliffe, Gary"]
[Result "1/2-1/2"]
[WhiteElo "1569"]
[BlackElo "1854"]
[PlyCount "40"]
[EventDate "2022.04.15"]
[EventRounds "7"]
[EventCountry "ENG"]

1. e4 e6 2. d4 d5 3. exd5 exd5 4. Bd3 Bd6 5. Nf3 Bg4 6. c3 Ne7 7. O-O O-O 8.
Nbd2 Qd7 9. Qc2 Bf5 10. Re1 Nbc6 11. Nf1 Bxd3 12. Qxd3 Qf5 13. Qxf5 Nxf5 14.
Ne3 Nxe3 15. Bxe3 Rfe8 16. Re2 f6 17. Rae1 Kf7 18. Nd2 Ne7 19. Nf1 Nf5 20. Bd2
Rxe2  1/2-1/2

[Event "2nd Easter 4NCL Congress"]
[Site "Daventry"]
[Date "2022.04.15"]
[Round "1"]
[Board "22"]
[White "Macphail, Kieran"]
[Black "Zhao, George"]
[Result "1-0"]
[WhiteElo "1849"]
[BlackElo "1540"]
[PlyCount "73"]
[EventDate "2022.04.15"]
[EventRounds "7"]
[EventCountry "ENG"]

1. e4 e6 2. d4 d5 3. e5 c5 4. c3 Nc6 5. Nf3 Bd7 6. Be2 cxd4 7. cxd4 Nge7 8. Nc3
Nf5 9. O-O Qb6 10. Na4 Qa5 11. Bd2 Bb4 12. Bxb4 Qxb4 13. a3 Qe7 14. Rc1 b6 15.
Ba6 Rb8 16. Nc3 O-O 17. Qd3 Bc8 18. Nxd5 exd5 19. Rxc6 Bxa6 20. Qxa6 h5 21.
Rfc1 Rb7 22. h4 Rd7 23. g3 f6 24. Qd3 g6 25. exf6 Rxf6 26. Rxf6 Qxf6 27. Ne5
Re7 28. Rc6 Re6 29. Rc8+ Kh7 30. Rc7+ Re7 31. Qc3 Kg8 32. Rxe7 Qxe7 33. Nxg6
Qf6 34. Ne5 Nd6 35. Qc6 Kg7 36. Qxd5 Kf8 37. Nd7+  1-0

[Event "2nd Easter 4NCL Congress"]
[Site "Daventry"]
[Date "2022.04.16"]
[Round "2"]
[Board "1"]
[White "Obi, Okwose Marc"]
[Black "Gibbs, Dominic V"]
[Result "1/2-1/2"]
[WhiteElo "1921"]
[BlackElo "1993"]
[PlyCount "90"]
[EventDate "2022.04.15"]
[EventRounds "7"]
[EventCountry "ENG"]

1. e4 c5 2. d4 cxd4 3. c3 Nf6 4. e5 Nd5 5. cxd4 Nc6 6. Nf3 d6 7. Be2 e6 8. O-O
Be7 9. Bd2 O-O 10. Nc3 Nxc3 11. Bxc3 d5 12. Rc1 f5 13. exf6 Bxf6 14. Bd3 Bd7
15. Ne5 Be8 16. Qg4 Qe7 17. f4 g6 18. a3 Bg7 19. Kh1 Rf6 20. Qh3 Bd7 21. g4
Nxe5 22. fxe5 Rxf1+ 23. Rxf1 Rf8 24. Bd2 Rxf1+ 25. Bxf1 Ba4 26. g5 Bc2 27. Bg2
Bf5 28. Qc3 Qd7 29. Qa5 b6 30. Qc3 Bf8 31. Kg1 Be7 32. h4 Kf7 33. Bf1 Qa4 34.
Be2 Qc2 35. Qxc2 Bxc2 36. Bb5 h6 37. Kf2 hxg5 38. hxg5 Bd8 39. Ke2 Be7 40. Be3
Bd8 41. Kd2 Bb3 42. Kc3 Bd1 43. b4 Be7 44. Bd3 Ba4 45. Bd2 b5  1/2-1/2

[Event "2nd Easter 4NCL Congress"]
[Site "Daventry"]
[Date "2022.04.16"]
[Round "2"]
[Board "2"]
[White "Angheluta, Ovidiu"]
[Black "Gostelow, Luke"]
[Result "1-0"]
[WhiteElo "1992"]
[BlackElo "1867"]
[PlyCount "63"]
[EventDate "2022.04.15"]
[EventRounds "7"]
[EventCountry "ENG"]

1. e4 c5 2. c4 Nc6 3. g3 e6 4. Bg2 Nge7 5. Nc3 Nd4 6. Rb1 Nec6 7. a3 Rb8 8.
Nge2 Be7 9. Nxd4 Nxd4 10. b4 O-O 11. O-O a6 12. d3 b5 13. Be3 cxb4 14. axb4 Nc6
15. c5 Bf6 16. d4 d6 17. cxd6 e5 18. d5 Nd4 19. f4 exf4 20. Bxd4 fxg3 21. e5
gxh2+ 22. Kh1 Bg5 23. Ne4 Bh6 24. Qh5 Bb7 25. Rf6 Bxd5 26. Rxh6 Bxe4 27. Bxe4
gxh6 28. Qxh6 f5 29. e6 Rf6 30. Bxf6 Qf8 31. Qg5+ Qg7 32. Qxg7#  1-0

[Event "2nd Easter 4NCL Congress"]
[Site "Daventry"]
[Date "2022.04.16"]
[Round "2"]
[Board "3"]
[White "Kay, Lee P"]
[Black "Macphail, Kieran"]
[Result "1-0"]
[WhiteElo "1978"]
[BlackElo "1849"]
[PlyCount "119"]
[EventDate "2022.04.15"]
[EventRounds "7"]
[EventCountry "ENG"]

1. d4 Nf6 2. Bg5 c5 3. Nc3 h6 4. Bxf6 exf6 5. e3 cxd4 6. exd4 d5 7. g3 Be6 8.
Bg2 Bd6 9. Nge2 Bc7 10. Qd2 O-O 11. O-O Nc6 12. Rab1 Ne7 13. Nf4 Bxf4 14. Qxf4
Qa5 15. Rfe1 Ng6 16. Qd2 Rfd8 17. h3 b5 18. a3 Qb6 19. Qd3 Rab8 20. Re3 a5 21.
Rbe1 Nf8 22. g4 Qb7 23. f4 b4 24. axb4 Qxb4 25. f5 Bd7 26. Bxd5 Bb5 27. Nxb5
Rxd5 28. c4 Rdd8 29. Qc3 Rxb5 30. cxb5 Qxb5 31. Qb3 Qd7 32. Re7 Qxd4+ 33. Kh1
Qd5+ 34. Qxd5 Rxd5 35. Re8 g6 36. fxg6 fxg6 37. R1e7 f5 38. Rb7 fxg4 39. hxg4
Rd4 40. Rbb8 Rf4 41. Kh2 Kg7 42. Rb7+ Kg8 43. Kg3 Rf1 44. Ra8 h5 45. gxh5 gxh5
46. Rxa5 Ne6 47. Ra8+ Nf8 48. b4 Rf7 49. Rxf7 Kxf7 50. Kf4 Nd7 51. Ke4 Nb6 52.
Ra6 Nd7 53. Kd5 h4 54. Kd6 Nb8 55. Ra7+ Kg6 56. Kc7 h3 57. Kxb8 Kg5 58. b5 Kg4
59. b6 h2 60. Rh7  1-0

[Event "2nd Easter 4NCL Congress"]
[Site "Daventry"]
[Date "2022.04.16"]
[Round "2"]
[Board "4"]
[White "Fava, Lorenzo"]
[Black "Mckay, Jonathan"]
[Result "0-1"]
[WhiteElo "1846"]
[BlackElo "1964"]
[PlyCount "94"]
[EventDate "2022.04.15"]
[EventRounds "7"]
[EventCountry "ENG"]

1. e4 c6 2. d4 d5 3. Nc3 dxe4 4. Nxe4 Nf6 5. Nxf6+ exf6 6. c3 Bd6 7. Bd3 O-O 8.
Qc2 Re8+ 9. Ne2 h5 10. O-O Nd7 11. Bf4 Nf8 12. Bxd6 Qxd6 13. Ng3 g6 14. Ne4 Qd8
15. Rae1 Ne6 16. f4 f5 17. Nd2 c5 18. dxc5 Nxc5 19. Bc4 Be6 20. Bxe6 Rxe6 21.
Rxe6 Nxe6 22. Nb3 Qb6+ 23. Qf2 Qd6 24. g3 a5 25. Qf3 a4 26. Nd4 Nxd4 27. Qd3
Rd8 28. Qxd4 Qxd4+ 29. cxd4 Rxd4 30. Rf2 Kf8 31. Rc2 b5 32. Kf2 Rd5 33. Ke3 Ke7
34. b3 Kd6 35. b4 Rd1 36. Rd2+ Rxd2 37. Kxd2 Kd5 38. Kd3 f6 39. h4 a3 40. Kc3
Ke4 41. Kb3 Kd3 42. Kxa3 Kc3 43. g4 fxg4 44. f5 g3 45. fxg6 g2 46. g7 g1=Q 47.
g8=Q Qc1#  0-1

[Event "2nd Easter 4NCL Congress"]
[Site "Daventry"]
[Date "2022.04.16"]
[Round "2"]
[Board "5"]
[White "Sajanani, Vikas"]
[Black "Wheeler, Tim"]
[Result "1-0"]
[WhiteElo "1963"]
[BlackElo "1703"]
[PlyCount "55"]
[EventDate "2022.04.15"]
[EventRounds "7"]
[EventCountry "ENG"]

1. d4 Nf6 2. Nf3 g6 3. g3 Bg7 4. Bg2 O-O 5. O-O d6 6. c4 Nbd7 7. Nc3 c6 8. e4
e5 9. Re1 Re8 10. d5 Qc7 11. Bd2 a5 12. Na4 b5 13. dxc6 bxa4 14. cxd7 Bxd7 15.
Bc3 Bc6 16. Nd2 Nd7 17. Nb1 Nc5 18. Na3 Qb7 19. f3 Qb6 20. Kh1 Bf8 21. Nc2 a3
22. b3 Na6 23. Nxa3 d5 24. exd5 Bxd5 25. Qxd5 Bxa3 26. Rxe5 Nc7 27. Rxe8+ Rxe8
28. Qxa5  1-0

[Event "2nd Easter 4NCL Congress"]
[Site "Daventry"]
[Date "2022.04.16"]
[Round "2"]
[Board "6"]
[White "Curran, David P"]
[Black "Tart, Peter K"]
[Result "0-1"]
[WhiteElo "1734"]
[BlackElo "1962"]
[PlyCount "82"]
[EventDate "2022.04.15"]
[EventRounds "7"]
[EventCountry "ENG"]

1. d4 f5 2. c4 e6 3. Nf3 Nf6 4. g3 Be7 5. Bg2 d6 6. Nc3 O-O 7. O-O Ne4 8. Qc2
Nxc3 9. Qxc3 a5 10. a3 a4 11. h4 h6 12. Bf4 Bf6 13. Rad1 c5 14. Be3 Qe7 15. Qc1
Nc6 16. d5 exd5 17. Rxd5 Be6 18. Rd3 Na5 19. Nd2 Ra6 20. Bf4 Be5 21. Bxe5 dxe5
22. Bd5 e4 23. Bxe6+ Qxe6 24. Rd5 e3 25. Nf3 exf2+ 26. Rxf2 Rd6 27. Qf4 Rxd5
28. cxd5 Qxd5 29. Qxa4 c4 30. Qc2 Nc6 31. Qd2 Rd8 32. e3 Qe4 33. Qe2 Rd3 34.
Nd2 Qd5 35. Kh2 Ne5 36. e4 Qd4 37. Kh3 fxe4 38. Qf1 Qd7+ 39. Kh2 Rxd2 40. Re2
Qd3 41. Rxd2 Qxf1  0-1

[Event "2nd Easter 4NCL Congress"]
[Site "Daventry"]
[Date "2022.04.16"]
[Round "2"]
[Board "7"]
[White "Fallowfield, Nicholas"]
[Black "Moss, Jack O"]
[Result "0-1"]
[WhiteElo "1959"]
[BlackElo "1659"]
[PlyCount "96"]
[EventDate "2022.04.15"]
[EventRounds "7"]
[EventCountry "ENG"]

1. Nf3 f5 2. d3 Nf6 3. d4 e6 4. c4 Nc6 5. d5 Bb4+ 6. Nc3 exd5 7. cxd5 Ne7 8.
Nd4 Nexd5 9. Bd2 Bxc3 10. bxc3 d6 11. Qb3 a6 12. g4 fxg4 13. Bg2 Nb6 14. e4 Qe7
15. O-O-O Qf7 16. Nb5 O-O 17. Nxc7 Qxb3 18. axb3 Rb8 19. Be3 Bd7 20. Kb2 Rbc8
21. Nd5 Nbxd5 22. exd5 g6 23. Rd4 Rce8 24. Rd2 Bf5 25. Rg1 Be4 26. Bxe4 Nxe4
27. Rc2 h5 28. c4 Rf3 29. b4 Re5 30. Bd4 Ref5 31. Rg2 b5 32. Re2 Ng5 33. Re8+
Kf7 34. Ra8 bxc4 35. Rxa6 Rxd5 36. Be3 Ne4 37. Ra5 Ke6 38. Kc2 Rxa5 39. bxa5
Rf5 40. a6 Ra5 41. a7 Nc5 42. Kc3 Kd5 43. f3 Rxa7 44. Rd2+ Kc6 45. Rg2 Ra3+ 46.
Kxc4 Rxe3 47. fxg4 d5+ 48. Kd4 Re4+  0-1

[Event "2nd Easter 4NCL Congress"]
[Site "Daventry"]
[Date "2022.04.16"]
[Round "2"]
[Board "8"]
[White "Manawadu, Dilhan"]
[Black "Boutsias, Jason"]
[Result "1-0"]
[WhiteElo "1941"]
[BlackElo "1638"]
[PlyCount "33"]
[EventDate "2022.04.15"]
[EventRounds "7"]
[EventCountry "ENG"]

1. Nf3 c5 2. g3 b6 3. Bg2 Bb7 4. d3 d5 5. O-O Nf6 6. Nbd2 e6 7. Re1 Be7 8. e4
dxe4 9. dxe4 Nxe4 10. Ne5 Nd6 11. Bxb7 Nxb7 12. Qf3 Qd5 13. Qxf7+ Kd8 14. c4
Qd4 15. Ndf3 Rf8 16. Nxd4 Rxf7 17. Nxe6+  1-0

[Event "2nd Easter 4NCL Congress"]
[Site "Daventry"]
[Date "2022.04.16"]
[Round "2"]
[Board "9"]
[White "Fellowes, Billy"]
[Black "Mcdonnell, James J"]
[Result "0-1"]
[WhiteElo "1612"]
[BlackElo "1929"]
[PlyCount "120"]
[EventDate "2022.04.15"]
[EventRounds "7"]
[EventCountry "ENG"]

1. e4 c5 2. Nf3 d6 3. d4 cxd4 4. Nxd4 Nf6 5. Nc3 Nc6 6. Bb5 Bd7 7. Nxc6 bxc6 8.
Bc4 e6 9. Bg5 Bc8 10. e5 dxe5 11. Qf3 Bd7 12. Rd1 Be7 13. Bxf6 Bxf6 14. Ne4 Be7
15. Nd6+ Bxd6 16. Rxd6 Qc7 17. Qd3 Ke7 18. Rxd7+ Qxd7 19. Qg3 Qd4 20. Qa3+ c5
21. Be2 Qb4+ 22. Qxb4 cxb4 23. O-O e4 24. Bb5 Rad8 25. f3 Rd2 26. Rf2 Rhd8 27.
Ba4 e3 28. Rf1 e2 29. Re1 Rd1 30. Kf2 Rxe1 31. Kxe1 Rd1+ 32. Kxe2 Rb1 33. Bb3
Rxb2 34. Kd2 Rb1 35. Ke2 Kd6 36. f4 f6 37. h3 e5 38. g3 exf4 39. gxf4 Rh1 40.
Kd3 Rxh3+ 41. Kc4 a5 42. Kb5 Rh5+ 43. Kc4 Rc5+ 44. Kd4 Rc3 45. f5 h5 46. Bd5
Rxc2 47. Bf3 h4 48. Bg4 Rxa2 49. Bd1 Rd2+ 50. Kc4 Rxd1 51. Kb3 Kc5 52. Kc2 Re1
53. Kd2 Re5 54. Kd3 h3 55. Kc2 Kc4 56. Kd2 h2 57. Kd1 h1=Q+ 58. Kd2 Qg2+ 59.
Kd1 Qf1+ 60. Kd2 Re2#  0-1

[Event "2nd Easter 4NCL Congress"]
[Site "Daventry"]
[Date "2022.04.16"]
[Round "2"]
[Board "10"]
[White "Neatherway, A Philip"]
[Black "Ortiz Sanchez, Luis"]
[Result "1/2-1/2"]
[WhiteElo "1823"]
[BlackElo "1987"]
[PlyCount "61"]
[EventDate "2022.04.15"]
[EventRounds "7"]
[EventCountry "ENG"]

1. e4 c5 2. Nf3 Nc6 3. d4 cxd4 4. Nxd4 g6 5. Nc3 Bg7 6. Be3 Nf6 7. Bc4 O-O 8.
Bb3 Re8 9. f3 e6 10. Qd2 d5 11. O-O-O dxe4 12. Nxc6 Qxd2+ 13. Rxd2 bxc6 14.
Nxe4 Nd5 15. Bg5 Ba6 16. Bxd5 cxd5 17. Nf6+ Bxf6 18. Bxf6 Rac8 19. h4 Rc6 20.
Re1 Rec8 21. h5 h6 22. hxg6 fxg6 23. Rh1 h5 24. g4 Rf8 25. Be5 Rxf3 26. gxh5
Rf5 27. Bd4 Rxh5 28. Rxh5 gxh5 29. Rh2 Bd3 30. Bxa7 Bg6 31. Bd4  1/2-1/2

[Event "2nd Easter 4NCL Congress"]
[Site "Daventry"]
[Date "2022.04.16"]
[Round "2"]
[Board "11"]
[White "Arora, Tashika"]
[Black "Vijayakumar, Rishi"]
[Result "1-0"]
[WhiteElo "1986"]
[BlackElo "1722"]
[PlyCount "77"]
[EventDate "2022.04.15"]
[EventRounds "7"]
[EventCountry "ENG"]

1. d4 Nf6 2. c4 e6 3. g3 d5 4. Bg2 Be7 5. Nf3 O-O 6. O-O dxc4 7. Qc2 b6 8. Nbd2
Bb7 9. Nxc4 Be4 10. Qd1 Qd5 11. Ncd2 Nbd7 12. Nxe4 Nxe4 13. Qc2 f5 14. Rd1 Rac8
15. Be3 Bd6 16. Nd2 Ndf6 17. Nc4 Ng4 18. f3 b5 19. Nxd6 Nxe3 20. Nxc8 Qd7 21.
Qd3 Nxd1 22. fxe4 Nf2 23. Qa3 Qxd4 24. e3 Qd2 25. Ne7+ Kf7 26. Qc3 Qe2 27. Re1
Qg4 28. Kxf2 Kxe7 29. Qxc7+ Kf6 30. e5+ Kg6 31. Qe7 Rb8 32. Qxe6+ Kh5 33. Bf3
Rd8 34. Qxf5+ Kh6 35. Bxg4 Rd2+ 36. Re2 Rxe2+ 37. Kxe2 g6 38. Qf8+ Kg5 39. Qf4#
 1-0

[Event "2nd Easter 4NCL Congress"]
[Site "Daventry"]
[Date "2022.04.16"]
[Round "2"]
[Board "12"]
[White "Basson, Heinrich"]
[Black "Ashcroft, Graham J"]
[Result "1/2-1/2"]
[WhiteElo "1823"]
[BlackElo "1982"]
[PlyCount "96"]
[EventDate "2022.04.15"]
[EventRounds "7"]
[EventCountry "ENG"]

1. d4 f5 2. g3 Nf6 3. Bg2 g6 4. Nf3 Bg7 5. O-O O-O 6. b3 d6 7. Bb2 Nc6 8. c4 e5
9. dxe5 Ng4 10. Qd5+ Kh8 11. Rd1 Ngxe5 12. Nc3 Qe7 13. Qd2 Be6 14. Rab1 Rad8
15. Nd5 Nxf3+ 16. Bxf3 Qf7 17. Bxg7+ Qxg7 18. Nf4 Bc8 19. Bxc6 bxc6 20. Qd4 g5
21. Ng2 Qxd4 22. Rxd4 c5 23. Rd2 Be6 24. h4 h6 25. hxg5 hxg5 26. f4 Rg8 27. Kf2
Rg6 28. Re1 Kg7 29. fxg5 Rxg5 30. Nf4 Re8 31. e4 Kf6 32. exf5 Rxf5 33. Rde2 Re5
34. Rxe5 dxe5 35. Nd3 Rh8 36. Kg2 Rd8 37. Nxc5 Rd2+ 38. Kf3 Rxa2 39. Ne4+ Ke7
40. Re3 Ra1 41. Nc3 Kf6 42. Nb5 c6 43. Nd6 Rf1+ 44. Ke2 Rb1 45. Kd2 Ke7 46. Nb7
Kf6 47. Nc5 Bf5 48. Kc3 a5  1/2-1/2

[Event "2nd Easter 4NCL Congress"]
[Site "Daventry"]
[Date "2022.04.16"]
[Round "2"]
[Board "13"]
[White "Sunny, Saurav"]
[Black "Dean, Robert A"]
[Result "0-1"]
[WhiteElo "1818"]
[BlackElo "1909"]
[PlyCount "121"]
[EventDate "2022.04.15"]
[EventRounds "7"]
[EventCountry "ENG"]

1. e4 e6 2. d4 d5 3. Bd3 c5 4. exd5 cxd4 5. Bb5+ Bd7 6. dxe6 fxe6 7. Bxd7+ Qxd7
8. Ne2 Nc6 9. a3 Nf6 10. Nd2 Bc5 11. Ng3 O-O 12. Nde4 Nxe4 13. Nxe4 Bb6 14. Bg5
Qd5 15. Qe2 Rf5 16. h4 Raf8 17. f3 h6 18. Bd2 Ne5 19. Nf2 Nc4 20. b3 Nd6 21.
O-O-O Rc8 22. Kb2 Nb5 23. Rde1 e5 24. Ne4 Qc6 25. Qd3 Rf7 26. a4 Nd6 27. Re2
Nf5 28. g4 Ne3 29. Bxe3 dxe3 30. Rd1 Rd8 31. Qxd8+ Bxd8 32. Rxd8+ Rf8 33. Rxf8+
Kxf8 34. Rxe3 Qb6 35. Rd3 Ke7 36. h5 Qg1 37. Kc3 Qe1+ 38. Kb2 b6 39. Rc3 Kd7
40. Rd3+ Kc7 41. Nd6 a6 42. Ne8+ Kc6 43. Nxg7 e4 44. Rc3+ Kb7 45. Nf5 exf3 46.
Rxf3 Qe5+ 47. Kb1 Qe2 48. Rf4 Qe1+ 49. Ka2 Qc1 50. Rc4 Qd2 51. Kb2 b5 52. axb5
axb5 53. Rd4 Qg5 54. Kc3 Qf6 55. Kb4 Qc6 56. c3 Ka7 57. Nd6 Kb6 58. Ne4 Ka7 59.
c4 bxc4 60. Rxc4 Qb6+ 61. Ka3  0-1